| 000 | 00468nam a2200181Ia 4500 | ||
|---|---|---|---|
| 008 | 160319s9999 xx 000 0 und d | ||
| 050 | _a793.3 | ||
| 050 | _bAq657p 1953 | ||
| 100 | _aAquino, Francisca Reyes | ||
| 245 | _aPhilippine folk dances / | ||
| 245 | _c Francisca Reyes Aquino ; with introduction by Serafin Aquino. | ||
| 260 | _c1953 | ||
| 300 | _a119 pages: | ||
| 300 | _bv. ill. ; | ||
| 300 | _c27 cm. | ||
| 650 | _aDance-- | ||
| 650 | _xFolklore. | ||
| 999 |
_c292161 _d292161 |
||